000 00322nam a2200121Ia 4500
008 240731s9999 xx 000 0 und d
022 _a1759-7854
245 0 _aDutch Crossing : Journal of Low Countries Studies
260 _bRoutledge
856 _uhttps://www.tandfonline.com/loi/ydtc20
942 _2ddc
942 _cTFEJ
999 _c76303
_d76303
945 _a1
_bMadushi Gamage
_c1
_dMadushi Gamage